000 00523cam a2200181 4500
001 2689
005 20181127165518.0
008 110405s2011 maua 000 0 eng
010 _a 2011010635
020 _a9789380931913
100 1 _aHan, Jiawei.
245 1 0 _aData mining :
_bconcepts and techniques /
_cJiawei Han, Micheline Kamber, Jian Pei.
250 _a3rd ed.
260 _aBurlington, MA :
_bElsevier,
_cc2011.
300 _axxxv, 703 p. :
_bill. ;
_c25 cm.
650 0 _aData mining.
700 1 _aKamber, Micheline.
999 _c2149
_d2149